• 首页
  • 本馆介绍
  • 公告通知
  • 最新文献
  • 馆藏检索
  • 电子资源
  • 读者导购
  • 参考咨询
  • 我的图书馆
  • 登录
  • 详细信息显示
  • 放入我的书架
  • 预约/预借图书
  • 作者相关作品
  • 分类相关作品
  • 丛书相关作品
  • 出版社相关作品

书目信息

  • 表格格式
  • 工作单格式
  • 卡片格式
题名:
镍钴冶金新方法
    
 
作者: 列什 , 包尔巴特 著 ;东北工学院有色重金属冶炼教研室 译
分册:  
出版信息: 北京   冶金工业出版社  1981
页数: 366页
开本: 21cm
丛书名:
单 册:
中图分类: TF815
科图分类:
主题词: 炼镍 , 钴—有色金属冶金 , 有色金属冶金—钴 , 重有色金属--有色金属冶金
电子资源:
ISBN:
000 00923nam0 2200289 45 981
001 0640553097
005 20060815111618.18
010    @dCNY1.45
091    @a15062.3700
100    @a19980811 m 0
101 1  @achi@crus
102    @aCN@b110000
105    @ay z 000yy
106    @ar
200 10 @a镍钴冶金新方法@e高压浸出,离子交换,溶剂萃取@Anie gu ye jin xin fang fa@f(苏)В.Ф.包尔巴特,(苏)И.Ю.列什著@g东北工学院有色重金属冶炼教研室译
210    @a北京@c冶金工业出版社@d1981
215    @a366页@d21cm
606    @a炼镍
606    @a钴—有色金属冶金
606    @a有色金属冶金—钴
606 0  @a重有色金属@x有色金属冶金
690    @aTF815@v3
701  1 @a列什@bИ.Ю.@4著@Alie shi
701  1 @a包尔巴特@bВ.Ф.@4著@Abao er ba te
712 02 @a东北工学院有色重金属冶炼教研室@4译@Adong bei gong xue yuan you se zhong jin shu ye lian jiao yan shi
801 0  @c20060815
905    @a10447@dTF815@e21
    
    镍钴冶金新方法:高压浸出,离子交换,溶剂萃取/(苏)В.Ф.包尔巴特,(苏)И.Ю.列什著/东北工学院有色重金属冶炼教研室译 .-北京:冶金工业出版社,1981
    366页;21cm
    
    
    ISBN :CNY1.45
    
●
相关链接 在E读中查询图书 在五车中查询图书 在当当中查询图书 在豆瓣中查询图书


正题名:镍钴冶金新方法     索取号:TF815/21         预约/预借

序号 登录号 条形码 馆藏地/架位号 状态 备注
1 0458497   204584976   密集书库/ [索取号:TF815/21] 在馆    
唐山师范学院图书馆 欢迎您!
大连网信软件有限公司© 版权所有